[Event "28th olm final"]
[Site "Thessaloniki"]
[Date "1988.11.22"]
[Round "9.3"]
[White "Garcia Gonzales, Guillermo"]
[Black "Hoi, Carsten"]
[Result "0-1"]
[WhiteElo "2525"]
[BlackElo "2455"]
[EventDate "1988.11.13"]
[WhiteTeam "Cuba"]
[BlackTeam "Denmark"]
[PlyCount "80"]

1.d4 Nf6 2.Nf3 g6 3.c4 Bg7 4.g3 O-O 5.Bg2 d6 6.O-O Nc6 7.Nc3 e5 8.h3 Re8
9.d5 Ne7 10.Bd2 h6 11.e4 Nd7 12.b4 a5 13.a3 f5 14.Qc2 Nf6 15.Rac1 axb4 16.
axb4 g5 17.h4 g4 18.Nh2 f4 19.gxf4 exf4 20.Bxf4 Nh5 21.Bg3 Ng6 22.Qd1 Nxh4
23.Nxg4 Nxg2 24.Nxh6+ Bxh6 25.Qxh5 Kg7 26.Kxg2 Bxc1 27.Rxc1 Rh8 28.Qd1
Bh3+ 29.Kg1 Qg5 30.Ne2 Bg4 31.f4 Qh5 32.Kf2 Ra2 33.Rc2 Ra3 34.Rc3 Ra2 35.
Rc2 Rha8 36.Qd2 R2a3 37.Nc3 Qh1 38.Qd4+ Kg8 39.Qd3 Ra1 40.Ke3 R8a3 0-1

[Event "28th olm final"]
[Site "Thessaloniki"]
[Date "1988.11.22"]
[Round "9.4"]
[White "Mortensen, Erling"]
[Black "Vera Gonzalez, Reynaldo"]
[Result "0-1"]
[WhiteElo "2470"]
[BlackElo "2455"]
[EventDate "1988.11.13"]
[WhiteTeam "Denmark"]
[BlackTeam "Cuba"]
[PlyCount "122"]

1.e4 c5 2.Nf3 d6 3.d4 cxd4 4.Nxd4 Nf6 5.Nc3 a6 6.Bd3 g6 7.O-O Bg7 8.Kh1
O-O 9.f4 b5 10.Nf3 Bb7 11.Qe1 Nbd7 12.Bd2 Nc5 13.b4 Nxd3 14.cxd3 e5 15.f5
d5 16.fxg6 fxg6 17.Bg5 Qd6 18.a3 Rac8 19.exd5 Rxc3 20.Qxc3 e4 21.dxe4 Nxe4
22.Qe3 Bxa1 23.Qxe4 Bxd5 24.Qe7 Qxe7 25.Bxe7 Rf7 26.Rxa1 Rxe7 27.Kg1 Re3
28.a4 Rb3 29.axb5 axb5 30.Rd1 Bxf3 31.gxf3 Rxf3 32.Rd5 Rf5 33.Rd4 Kg7 34.
Rd7+ Kh6 35.Rb7 Kg5 36.Rxh7 Rf4 37.Rb7 Rxb4 38.Kg2 Rb2+ 39.Kf3 Rb3+ 40.Ke4
Kg4 41.Ke5 g5 42.Kf6 Rf3+ 43.Ke6 Rf5 44.Rc7 Rf2 45.Rh7 Rf3 46.Rb7 Rf5 47.
Rc7 Rf8 48.Rd7 Rb8 49.Rd4+ Kh3 50.Kf5 g4 51.Rd3+ Kh4 52.Rd7 Rf8+ 53.Kg6
Rh8 54.Kf5 Rf8+ 55.Kg6 Rh8 56.Kf5 Rh5+ 57.Kf4 Rh6 58.Kf5 b4 59.Rb7 Rh8 60.
Rxb4 Rf8+ 61.Kg6 Rf2 0-1

[Event "28th olm final"]
[Site "Thessaloniki"]
[Date "1988.11.23"]
[Round "10.1"]
[White "Hansen, Curt"]
[Black "Georgiev, Kiril"]
[Result "1/2-1/2"]
[WhiteElo "2520"]
[BlackElo "2595"]
[EventDate "1988.11.13"]
[WhiteTeam "Denmark"]
[BlackTeam "Bulgaria"]
[PlyCount "45"]

1.d4 Nf6 2.c4 e6 3.Nf3 d5 4.Nc3 Be7 5.cxd5 exd5 6.Bg5 c6 7.Qc2 g6 8.Bxf6
Bxf6 9.e3 Bf5 10.Bd3 Bxd3 11.Qxd3 Be7 12.O-O-O Nd7 13.Kb1 a5 14.h4 Nf6 15.
e4 dxe4 16.Nxe4 O-O 17.Ne5 Nxe4 18.Qxe4 Qd5 19.Qe3 Qe6 20.h5 f6 21.Ng4
Qxe3 22.Nxe3 Rad8 23.d5 1/2-1/2

[Event "28th olm final"]
[Site "Thessaloniki"]
[Date "1988.11.23"]
[Round "10.2"]
[White "Donchev, Dimitar"]
[Black "Hansen, Lars Bo"]
[Result "1-0"]
[WhiteElo "2495"]
[BlackElo "2455"]
[EventDate "1988.11.13"]
[WhiteTeam "Bulgaria"]
[BlackTeam "Denmark"]
[PlyCount "85"]

1.e4 e6 2.d4 d5 3.Nd2 dxe4 4.Nxe4 Bd7 5.Nf3 Bc6 6.Bd3 Bxe4 7.Bxe4 c6 8.O-O
Nf6 9.Bd3 g6 10.b3 Bg7 11.Ba3 Bf8 12.Bb2 Bg7 13.c4 O-O 14.Qe2 Nbd7 15.Rad1
Re8 16.Bb1 Qa5 17.Ne5 Rad8 18.f4 Nf8 19.Qf3 Qc7 20.g4 N6d7 21.Rde1 c5 22.
d5 Nxe5 23.fxe5 exd5 24.cxd5 Qd7 25.d6 Ne6 26.Qd5 b6 27.Bd3 b5 28.Kh1 a6
29.Be4 Ng5 30.Bg2 Rc8 31.Qb7 Red8 32.Qxd7 Rxd7 33.Bd5 c4 34.bxc4 bxc4 35.
Bd4 Ne6 36.Rxf7 Kxf7 37.Rf1+ Ke8 38.Bxe6 c3 39.Bxd7+ Kxd7 40.Rf7+ Ke6 41.
Rxg7 c2 42.Re7+ Kd5 43.Be3 1-0

[Event "28th olm final"]
[Site "Thessaloniki"]
[Date "1988.11.23"]
[Round "10.3"]
[White "Hoi, Carsten"]
[Black "Semkov, Semko"]
[Result "1-0"]
[WhiteElo "2455"]
[BlackElo "2445"]
[EventDate "1988.11.13"]
[WhiteTeam "Denmark"]
[BlackTeam "Bulgaria"]
[PlyCount "75"]

1.d4 d5 2.Nf3 c6 3.c4 e6 4.e3 Bd6 5.Nc3 f5 6.Ne5 Nf6 7.f4 O-O 8.Be2 b6 9.
O-O Bb7 10.Qc2 Na6 11.a3 Nc7 12.b4 dxc4 13.Bxc4 Ncd5 14.e4 Nc7 15.Be3 Bxe5
16.dxe5 Nxe4 17.Nxe4 fxe4 18.Qxe4 Nd5 19.f5 exf5 20.Rxf5 Rxf5 21.Qxf5 Bc8
22.e6 Qf6 23.Qxf6 gxf6 24.b5 Bxe6 25.bxc6 Kf7 26.Rd1 Ne7 27.Bb5 Rc8 28.Rc1
Nd5 29.Bf2 Nc7 30.Be2 Bd5 31.Bg3 Ke7 32.Re1 Ne6 33.c7 Kd7 34.Bb5+ Ke7 35.
Ba6 Kd7 36.Rd1 Nxc7 37.Bxc8+ Kxc8 38.Bxc7 1-0

[Event "28th olm final"]
[Site "Thessaloniki"]
[Date "1988.11.23"]
[Round "10.4"]
[White "Lukov, Valentin"]
[Black "Schandorff, Lars"]
[Result "1/2-1/2"]
[WhiteElo "2465"]
[BlackElo "2415"]
[EventDate "1988.11.13"]
[WhiteTeam "Bulgaria"]
[BlackTeam "Denmark"]
[PlyCount "94"]

1.d4 Nf6 2.c4 e6 3.Nc3 Bb4 4.e3 c5 5.Bd3 Nc6 6.Ne2 cxd4 7.exd4 d5 8.cxd5
Nxd5 9.O-O O-O 10.Bc2 Bd6 11.Qd3 Qh4 12.g3 Qh5 13.Nxd5 exd5 14.Bf4 Be7 15.
Bd2 Qg6 16.Qxg6 hxg6 17.Bb3 Rd8 18.Bc3 Bf6 19.Kg2 g5 20.h3 Ne7 21.Rfe1 Be6
22.Ng1 Nc6 23.Nf3 g4 24.hxg4 Bxg4 25.Ne5 Bxe5 26.dxe5 d4 27.Bd2 Re8 28.f4
Rad8 29.Bd1 Bxd1 30.Raxd1 Re6 31.Kf3 f6 32.exf6 Rxf6 33.g4 Kf7 34.Kg3 Rfd6
35.Re2 Rh8 36.Rh2 Rxh2 37.Kxh2 Ke6 38.Kg3 Kd5 39.f5 Ke4 40.Bf4 Rd7 41.Re1+
Kd3 42.g5 Ne7 43.Kg4 Nd5 44.g6 Nxf4 45.Kxf4 Kc2 46.f6 gxf6 47.Rg1 d3
1/2-1/2

[Event "28th olm final"]
[Site "Thessaloniki"]
[Date "1988.11.25"]
[Round "11.1"]
[White "Boensch, Uwe"]
[Black "Hansen, Curt"]
[Result "0-1"]
[WhiteElo "2510"]
[BlackElo "2520"]
[EventDate "1988.11.13"]
[WhiteTeam "East Germany"]
[BlackTeam "Denmark"]
[PlyCount "82"]

1.c4 c5 2.Nc3 Nc6 3.g3 g6 4.Bg2 Bg7 5.a3 d6 6.Rb1 a5 7.d3 e5 8.Nd5 Nge7 9.
Bg5 O-O 10.h4 h6 11.Bxe7 Nxe7 12.e3 Nxd5 13.Bxd5 Rb8 14.a4 Be6 15.Qf3 Qb6
16.b3 Qb4+ 17.Kf1 Qc3 18.Kg2 Qxd3 19.Be4 Qd2 20.Qd1 Qb4 21.Ne2 d5 22.Bxd5
Bxd5+ 23.Qxd5 Rbd8 24.Qf3 Rd2 25.Rhe1 f5 26.g4 e4 27.Qg3 Qb6 28.Rbd1 Qd8
29.Rxd2 Qxd2 30.Kf1 fxg4 31.Nf4 h5 32.Re2 Qd1+ 33.Re1 Qxb3 34.Nxg6 Rf3 35.
Qd6 Qxc4+ 36.Kg2 Qa2 37.Rf1 g3 38.Ne7+ Kh8 39.Qd8+ Kh7 40.Kh3 Qe6+ 41.Kg2
gxf2 0-1

[Event "28th olm final"]
[Site "Thessaloniki"]
[Date "1988.11.25"]
[Round "11.2"]
[White "Hoi, Carsten"]
[Black "Knaak, Rainer"]
[Result "1/2-1/2"]
[WhiteElo "2455"]
[BlackElo "2500"]
[EventDate "1988.11.13"]
[WhiteTeam "Denmark"]
[BlackTeam "East Germany"]
[PlyCount "29"]

1.d4 e6 2.c4 f5 3.g3 Nf6 4.Bg2 d5 5.Nf3 c6 6.O-O Bd6 7.Bg5 O-O 8.Nc3 Nbd7
9.e3 b6 10.cxd5 exd5 11.Nh4 Ba6 12.Re1 g6 13.Rc1 Bb7 14.f3 Qb8 15.Bxf6
1/2-1/2

[Event "28th olm final"]
[Site "Thessaloniki"]
[Date "1988.11.25"]
[Round "11.4"]
[White "Schandorff, Lars"]
[Black "Espig, Lutz"]
[Result "1/2-1/2"]
[WhiteElo "2415"]
[BlackElo "2465"]
[EventDate "1988.11.13"]
[WhiteTeam "Denmark"]
[BlackTeam "East Germany"]
[PlyCount "47"]

1.d4 d6 2.Nf3 f5 3.g3 Nf6 4.Bg2 g6 5.O-O Bg7 6.b3 O-O 7.Bb2 c6 8.Nbd2 Na6
9.c4 e5 10.dxe5 Ng4 11.a3 Nxe5 12.Nxe5 dxe5 13.b4 Qe7 14.e4 f4 15.c5 Be6
16.Qc2 Nc7 17.Rfe1 Nb5 18.Nc4 Nd4 19.Bxd4 exd4 20.e5 Rf5 21.Rad1 Raf8 22.
Rxd4 fxg3 23.fxg3 Bxc4 24.Qxc4+ 1/2-1/2

[Event "28th olm final"]
[Site "Thessaloniki"]
[Date "1988.11.26"]
[Round "12.1"]
[White "Hansen, Curt"]
[Black "Kasparov, Garry"]
[Result "1/2-1/2"]
[WhiteElo "2520"]
[BlackElo "2760"]
[EventDate "1988.11.13"]
[WhiteTeam "Denmark"]
[BlackTeam "Soviet Union"]
[PlyCount "82"]

1.Nf3 Nf6 2.c4 g6 3.g3 Bg7 4.Bg2 O-O 5.d4 d5 6.cxd5 Nxd5 7.O-O Nb6 8.Nc3
Nc6 9.d5 Na5 10.e4 c6 11.Bg5 Bg4 12.h3 Bxf3 13.Qxf3 cxd5 14.Nxd5 Nxd5 15.
Rad1 Qc7 16.exd5 Bxb2 17.Rfe1 Rfe8 18.Rxe7 Rxe7 19.d6 Re1+ 20.Rxe1 Qxd6
21.Re7 Rf8 22.Qd5 Qb6 23.Be3 Qf6 24.Rc7 b6 25.Rxa7 Kg7 26.Rd7 Re8 27.Kh2
h5 28.Bxb6 Re5 29.Bd4 Bxd4 30.Qxd4 Re2 31.Qxf6+ Kxf6 32.Ra7 Rxa2 33.Bd5
Rxf2+ 34.Kg1 Rf5 35.Rxa5 Kg5 36.h4+ Kh6 37.Rb5 f6 38.Kg2 g5 39.hxg5+ Kxg5
40.Kh3 Re5 41.Rb7 Re3 1/2-1/2

[Event "28th olm final"]
[Site "Thessaloniki"]
[Date "1988.11.26"]
[Round "12.2"]
[White "Karpov, Anatoly"]
[Black "Hansen, Lars Bo"]
[Result "1-0"]
[WhiteElo "2725"]
[BlackElo "2455"]
[EventDate "1988.11.13"]
[WhiteTeam "Soviet Union"]
[BlackTeam "Denmark"]
[PlyCount "51"]

1.c4 Nf6 2.Nf3 b6 3.g3 c5 4.Bg2 Bb7 5.O-O e6 6.Nc3 a6 7.b3 Be7 8.d4 cxd4
9.Qxd4 d6 10.Ba3 Nc6 11.Qf4 Qb8 12.Rfd1 d5 13.Bxe7 Nxe7 14.Ne5 O-O 15.cxd5
Nexd5 16.Nxd5 Bxd5 17.e4 Bb7 18.Rac1 Rd8 19.Rxd8+ Qxd8 20.Nxf7 Qd4 21.Qd6
Qb2 22.Rf1 Re8 23.Qc7 Ba8 24.Ng5 h6 25.Qf7+ Kh8 26.e5 1-0

[Event "28th olm final"]
[Site "Thessaloniki"]
[Date "1988.11.26"]
[Round "12.4"]
[White "Ehlvest, Jaan"]
[Black "Mortensen, Erling"]
[Result "1/2-1/2"]
[WhiteElo "2580"]
[BlackElo "2470"]
[EventDate "1988.11.13"]
[WhiteTeam "Soviet Union"]
[BlackTeam "Denmark"]
[PlyCount "39"]

1.e4 c5 2.Nf3 e6 3.d3 Nc6 4.g3 d5 5.Qe2 Nge7 6.Bg2 g6 7.O-O Bg7 8.Re1 h6
9.Nbd2 b6 10.a3 O-O 11.Rb1 a5 12.h4 Ra7 13.e5 Nf5 14.c3 Ba6 15.Nf1 a4 16.
N1h2 d4 17.c4 Na5 18.Nd2 b5 19.cxb5 Bxb5 20.Ng4 1/2-1/2

[Event "28th olm final"]
[Site "Thessaloniki"]
[Date "1988.11.27"]
[Round "13.1"]
[White "Greenfeld, Alon"]
[Black "Hansen, Curt"]
[Result "1/2-1/2"]
[WhiteElo "2550"]
[BlackElo "2520"]
[EventDate "1988.11.13"]
[WhiteTeam "Israel"]
[BlackTeam "Denmark"]
[PlyCount "30"]

1.Nf3 Nf6 2.c4 g6 3.Nc3 Bg7 4.g3 O-O 5.Bg2 d6 6.d4 c6 7.O-O Qa5 8.e4 e5 9.
h3 Nbd7 10.Be3 exd4 11.Nxd4 Nb6 12.Qd3 Qa6 13.b3 d5 14.exd5 Nbxd5 15.Bd2
Bd7 1/2-1/2

[Event "28th olm final"]
[Site "Thessaloniki"]
[Date "1988.11.27"]
[Round "13.2"]
[White "Hansen, Lars Bo"]
[Black "Rechlis, Gad"]
[Result "0-1"]
[WhiteElo "2455"]
[BlackElo "2515"]
[EventDate "1988.11.13"]
[WhiteTeam "Denmark"]
[BlackTeam "Israel"]
[PlyCount "136"]

1.d4 Nf6 2.c4 c5 3.d5 g6 4.Nc3 Bg7 5.e4 d6 6.Nf3 O-O 7.h3 e6 8.Bd3 exd5 9.
cxd5 b5 10.Nxb5 Nxe4 11.O-O a6 12.Na3 Nf6 13.Nc4 Re8 14.Qb3 Nxd5 15.Ng5
Nc6 16.Be4 Nd4 17.Bxd5 Nxb3 18.Nxf7 Qc7 19.Ng5+ Kh8 20.Nxd6 Rf8 21.axb3
Qxd6 22.Bxa8 Qd3 23.Be3 Bd4 24.Be4 Qxb3 25.Bxd4+ cxd4 26.Nf3 Qxb2 27.Rab1
Qc3 28.Rfc1 Qa3 29.Rc7 d3 30.Ng5 Qd6 31.Rxc8 Kg8 32.Rxf8+ Kxf8 33.Nf3 Qa3
34.Nd2 Qa2 35.Rd1 Qc2 36.Bf3 a5 37.Nf1 a4 38.Rd2 Qc3 39.Bd5 a3 40.Ba2 Ke7
41.h4 Kf6 42.g3 Ke5 43.Kg2 Kd4 44.f3 Qc1 45.Rf2 Kc3 46.Bg8 h6 47.Bf7 Qe1
48.Ba2 Qc1 49.g4 Qf4 50.Ng3 Kd4 51.h5 gxh5 52.gxh5 Qc1 53.Ne4 Ke3 54.Ng3
Kd4 55.Ne4 Qe1 56.Nd2 Ke3 57.Nf1+ Kf4 58.Rd2 Qe5 59.Bb1 Qxh5 60.Rxd3 Qg6+
61.Kh2 Qxd3 62.Bxd3 a2 63.Be4 a1=Q 64.Ng3 Qe1 65.Nh1 Qf1 66.Bb7 h5 67.Bc8
Qxf3 68.Bh3 Qe2+ 0-1

[Event "28th olm final"]
[Site "Thessaloniki"]
[Date "1988.11.27"]
[Round "13.3"]
[White "Shvidler, Eliahu"]
[Black "Hoi, Carsten"]
[Result "1/2-1/2"]
[WhiteElo "2430"]
[BlackElo "2455"]
[EventDate "1988.11.13"]
[WhiteTeam "Israel"]
[BlackTeam "Denmark"]
[PlyCount "74"]

1.d4 d6 2.Nf3 g6 3.g3 Bg7 4.Bg2 Nf6 5.c4 O-O 6.O-O Bg4 7.Nc3 Bxf3 8.Bxf3
Nc6 9.Bg5 h6 10.Bxf6 Bxf6 11.Bxc6 bxc6 12.e3 Rb8 13.b3 c5 14.Rc1 cxd4 15.
exd4 c6 16.Qd2 Bg7 17.d5 cxd5 18.Nxd5 e6 19.Nc3 Qa5 20.Rfd1 Rfc8 21.Ne4
Qxd2 22.Nxd2 Rb4 23.Nf1 Rc6 24.Ne3 Kf8 25.Rb1 a5 26.Nc2 Rb8 27.Na3 Ke7 28.
Nb5 a4 29.Rd3 axb3 30.axb3 Ra8 31.Rbd1 Ra1 32.Rxa1 Bxa1 33.h4 g5 34.hxg5
hxg5 35.f4 gxf4 36.gxf4 Bf6 37.f5 Be5 1/2-1/2

[Event "28th olm final"]
[Site "Thessaloniki"]
[Date "1988.11.27"]
[Round "13.4"]
[White "Schandorff, Lars"]
[Black "Manor, Ilan"]
[Result "1-0"]
[WhiteElo "2415"]
[BlackElo "2430"]
[EventDate "1988.11.13"]
[WhiteTeam "Denmark"]
[BlackTeam "Israel"]
[PlyCount "65"]

1.d4 Nf6 2.c4 g6 3.Nc3 d5 4.Bg5 Ne4 5.Bh4 Nxc3 6.bxc3 dxc4 7.e3 Bg7 8.Bxc4
O-O 9.Nf3 b6 10.O-O Bb7 11.Qe2 Nd7 12.Rfd1 Nf6 13.Rac1 a6 14.Bb3 Qc8 15.
Ne5 c5 16.f3 Qc7 17.Nc4 cxd4 18.cxd4 Rac8 19.Qd2 Qd8 20.Bf2 Ne8 21.Qb4 Rb8
22.Bg3 Nd6 23.Nxd6 exd6 24.Qxd6 Bh6 25.Rc7 Bxe3+ 26.Kh1 Ba8 27.Rxf7 Rxf7
28.Qxb8 Qxb8 29.Bxb8 Kf8 30.Bxf7 Kxf7 31.d5 Bg5 32.Bc7 b5 33.f4 1-0

[Event "28th olm final"]
[Site "Thessaloniki"]
[Date "1988.11.29"]
[Round "14.1"]
[White "Hansen, Curt"]
[Black "Xu Jun"]
[Result "1-0"]
[WhiteElo "2520"]
[BlackElo "2505"]
[EventDate "1988.11.13"]
[WhiteTeam "Denmark"]
[BlackTeam "China"]
[PlyCount "93"]

1.c4 e5 2.Nc3 Nf6 3.Nf3 Nc6 4.e3 Be7 5.Be2 O-O 6.d4 exd4 7.Nxd4 d5 8.Nxc6
bxc6 9.O-O Bd6 10.b3 dxc4 11.bxc4 Qe7 12.Qc2 Rb8 13.Bd2 Bg4 14.Rab1 h5 15.
h3 Bxe2 16.Nxe2 Qe5 17.Ng3 h4 18.Bc3 Qe6 19.Nf5 Qxc4 20.Rbc1 Qe6 21.Bd4
Rb5 22.Nxd6 cxd6 23.Qxc6 Ra5 24.Qc3 Rf5 25.Qb2 Nh5 26.Rc7 Rg5 27.Kh1 a5
28.Rfc1 Qe4 29.Qb7 d5 30.Rg1 Qf5 31.Qb2 a4 32.Qc2 Qe6 33.Qxa4 f5 34.Qd7
Qg6 35.Rc6 Qf7 36.Qxf7+ Rxf7 37.a4 f4 38.a5 fxe3 39.Bxe3 Re5 40.Ra1 Ng3+
41.fxg3 Rxe3 42.gxh4 Rd7 43.a6 Ree7 44.Rc8+ Kh7 45.Ra8 Kg6 46.a7 Rf7 47.g4
1-0

[Event "28th olm final"]
[Site "Thessaloniki"]
[Date "1988.11.29"]
[Round "14.3"]
[White "Mortensen, Erling"]
[Black "Wang Zili"]
[Result "1/2-1/2"]
[WhiteElo "2470"]
[BlackElo "2310"]
[EventDate "1988.11.13"]
[WhiteTeam "Denmark"]
[BlackTeam "China"]
[PlyCount "74"]

1.Nf3 Nf6 2.g3 g6 3.Bg2 Bg7 4.c4 c5 5.Nc3 O-O 6.d4 d6 7.O-O Na6 8.b3 d5 9.
cxd5 Nxd5 10.Bb2 Nxc3 11.Bxc3 Nc7 12.Qd3 Bf5 13.e4 cxd4 14.Bxd4 Bg4 15.
Rfd1 Bxd4 16.Qxd4 Qxd4 17.Rxd4 Rfd8 18.Rc4 Nb5 19.e5 Be6 20.Rc5 Rd5 21.
Rac1 Rad8 22.Rxd5 Rxd5 23.Ng5 Rxe5 24.Nxe6 Rxe6 25.Bxb7 Nd4 26.Rd1 Ne2+
27.Kf1 Nc3 28.Rd2 Rb6 29.Bf3 Ra6 30.a4 Rb6 31.Rd7 Rxb3 32.Rxe7 a5 33.Ra7
Kf8 34.Kg2 Rb4 35.Rxa5 Nxa4 36.Bd5 Nb6 37.Ba2 Ra4 1/2-1/2

[Event "28th olm final"]
[Site "Thessaloniki"]
[Date "1988.11.29"]
[Round "14.4"]
[White "Ye Rongguang"]
[Black "Schandorff, Lars"]
[Result "1-0"]
[WhiteElo "2375"]
[BlackElo "2415"]
[EventDate "1988.11.13"]
[WhiteTeam "China"]
[BlackTeam "Denmark"]
[PlyCount "87"]

1.d4 Nf6 2.Nf3 e6 3.Bg5 c5 4.e3 h6 5.Bh4 b6 6.Bd3 Bb7 7.O-O Be7 8.a4 O-O
9.c3 d6 10.a5 Na6 11.Nbd2 cxd4 12.exd4 Nd5 13.Bxe7 Qxe7 14.Re1 Nac7 15.Nf1
b5 16.Ng3 Qd8 17.Bb1 f5 18.Ba2 g5 19.a6 Bc6 20.Bxd5 Bxd5 21.Nf1 Rb8 22.b3
Qf6 23.c4 bxc4 24.bxc4 Bxf3 25.Qxf3 Qxd4 26.Rad1 Qc5 27.h4 Rf6 28.hxg5
hxg5 29.Ng3 Rh6 30.Qd3 Rb2 31.Re2 Rxe2 32.Nxe2 Rh4 33.Nd4 Re4 34.Qd2 Kf7
35.Nf3 Rxc4 36.Qxg5 Rg4 37.Qd8 Qc6 38.Rxd6 Qxf3 39.Rd7+ Kg6 40.Qg8+ Kf6
41.Qh8+ Kg5 42.Rg7+ Kf4 43.Qh2+ Ke4 44.Rxg4+ 1-0